000
00249nam a22000977a 4500
100
_a
Mathew, S.
245
_a
Rubber products incubation centre (R.P.I.C.)
260
_b
Rubber, 700(September): 12-14.
_c
2024
650
_a
Incubation centre
942
_c
JS
999
_c
75352
_d
75352